00488 2200193 4500001002100000005001500021008004100036020001800077035001900095041000700114082001600121090001600137100001900153245003900172250000600211260003500217300002100252650002100273INLIS00000000001655520241224115139241224||||||||| | ||| |||| || |  a602-99890-0-6 0010-1224016555 aid0 a332.6 MAY a a332.6 MAY a0 aMaya Apriyanti00aAnti rugi dengan berinvestasi emas a1 aYogyakartabPustaka Baru Press av,184hlm,;11,5cm 0aIlmu ilmu sosial